[Event "8th ECI youth tournament"]
[Site "Eeklo"]
[Date "1981.08.??"]
[Round "9"]
[White "Hovestadt, Leo"]
[Black "Karadağ, Cem"]
[Result "1-0"]
[WhiteElo "2000"]
[BlackElo "2064"]
[EventDate "1981.08.??"]
[Source "Ed.: D. Van de Bourry, Doorbraak No. 14, KBSK 1981"]

1. Nf3 Nf6 2. c4 g6 3. g3 Bg7 4. Nc3 O-O 5. Bg2 d6 6. O-O e5 7. d3 Nc6 8. Rb1
h6 9. b4 Be6 10. e4 Qd7 11. Nd5 Nh5 12. b5 Nd8 13. Nh4 Kh7 14. Be3 c6 15. bxc6
bxc6 16. Nc3 Bf6 17. Nf3 Bg4 18. Qa4 Bh3 19. Rb3 g5 20. Bxh3 Qxh3 21. Qa3 Be7
22. d4 g4 23. Ne1 exd4 24. Bxd4 c5 25. Nd5 Nc6 26. Ba1 f5 27. Ng2 fxe4 28. Ndf4
Nxf4 29. Nxf4 Rxf4 30. gxf4 Qh4 31. Rb7 Kg6 32. Qe3 Rc8 33. Qxe4+ Kf7 34. Qh7+
Kf8 35. Qg7+ Ke8 36. Qg8+ Bf8 37. Qf7+ 1-0

[Event "8th ECI youth tournament"]
[Site "Eeklo"]
[Date "1981.08.??"]
[Round "9"]
[White "van der Zalm, Marnix"]
[Black "James, Simon"]
[Result "1/2-1/2"]
[WhiteElo "1758"]
[BlackElo "2020"]
[EventDate "1981.08.??"]
[Source "Ed.: D. Van de Bourry, Doorbraak No. 14, KBSK 1981"]

1. d4 Nf6 2. c4 g6 3. Nc3 Bg7 4. e4 d6 5. Be2 O-O 6. Nf3 e5 7. O-O Nc6 8. d5
Ne7 9. Ne1 Nd7 10. Nd3 f5 11. f3 f4 12. Bd2 g5 13. Rc1 h5 14. b4 Rf6 15. c5 Rg6
16. cxd6 cxd6 17. Nb5 Nf6 18. Nc7 1/2-1/2

[Event "8th ECI youth tournament"]
[Site "Eeklo"]
[Date "1981.08.??"]
[Round "9"]
[White "Coffey, Seán"]
[Black "Cuijpers, Frans André"]
[Result "0-1"]
[WhiteElo "2144"]
[BlackElo "2217"]
[EventDate "1981.08.??"]
[Source "Ed.: D. Van de Bourry, Doorbraak No. 14, KBSK 1981"]

1. e4 d6 2. d4 Nf6 3. Nc3 g6 4. f3 c6 5. Be3 b5 6. Qd2 Nbd7 7. g4 Nb6 8. g5
Nfd7 9. d5 cxd5 10. exd5 a6 11. Bd4 Rg8 12. O-O-O Bb7 13. Qe1 h5 14. Bh3 Qc7
15. Bxd7+ Kxd7 16. Qe4 b4 17. Bxb6 Qxb6 18. Nce2 Rc8 19. Nd4 Bg7 20. Nge2 Qa5
21. Nb3 Qxa2 22. Ned4 a5 23. Rhe1 Rge8 24. f4 a4 25. Na5 Bxd5 26. Qd3 Rc5
27. Qa6 Qa1+ 28. Kd2 Qxb2 0-1

[Event "8th ECI youth tournament"]
[Site "Eeklo"]
[Date "1981.08.??"]
[Round "9"]
[White "Welvaert, Dirk"]
[Black "Geenen, Marc"]
[Result "1/2-1/2"]
[WhiteElo "1741"]
[BlackElo "1872"]
[EventDate "1981.08.??"]
[Source "Ed.: D. Van de Bourry, Doorbraak No. 14, KBSK 1981"]

1. e4 e5 2. Nf3 Nc6 3. Bc4 Bc5 4. Nc3 Nf6 5. d3 d6 6. Bg5 Na5 7. Nd5 Nxc4
8. dxc4 c6 9. Nxf6+ gxf6 10. Bh4 Be6 11. Qe2 Qe7 12. O-O-O O-O-O 13. Nd2 Rhg8
14. f3 d5 15. cxd5 cxd5 16. Kb1 1/2-1/2

[Event "8th ECI tournament, girls group"]
[Site "Eeklo"]
[Date "1981.08.??"]
[Round "9"]
[White "Rieder, Anita"]
[Black "Nagel, Yvette"]
[Result "1-0"]
[WhiteElo "1672"]
[BlackElo "1600"]
[EventDate "1981.08.??"]
[Source "Ed.: D. Van de Bourry, Doorbraak No. 14, KBSK 1981"]

1. Nf3 Nf6 2. c4 b6 3. g3 e6 4. Bg2 Bb7 5. O-O Be7 6. b3 O-O 7. Bb2 c5 8. Nc3
Nc6 9. d4 Nxd4 10. Nxd4 Bxg2 11. Kxg2 cxd4 12. Qxd4 Bc5 13. Qd3 Qc7 14. Ne4 Nxe4
15. Qxe4 Rfe8 16. Rfd1 Rad8 17. Rd3 Bf8 18. Rad1 d6 19. g4 Rd7 20. Rh3 Qb7
21. Qxb7 Rxb7 22. Ba3 Rd7 23. Rhd3 Red8 24. e4 g5 25. b4 Rc7 26. c5 bxc5
27. bxc5 Kg7 28. cxd6 Rc4 29. Bb2+ Kg6 30. Kf3 Rc2 31. Be5 Rxa2 32. d7 Rc2
33. Rc3 Rxc3+ 34. Bxc3 Bc5 35. Ba5 Bb6 36. Bb4 Kf6 37. e5+ Kxe5 38. Bc3+ 1-0

[Event "8th ECI tournament, girls group"]
[Site "Eeklo"]
[Date "1981.08.??"]
[Round "9"]
[White "Vereecke, Griet"]
[Black "Conoly, Suzanne"]
[Result "1/2-1/2"]
[WhiteElo "1600"]
[BlackElo "1691"]
[EventDate "1981.08.??"]
[Source "Ed.: D. Van de Bourry, Doorbraak No. 14, KBSK 1981"]

1. e4 c5 2. f4 d5 3. exd5 Qxd5 4. Nc3 Qd8 5. Bc4 Nf6 6. Nf3 Nc6 7. O-O Bg4
8. Bb5 Rc8 9. Qe1 Bd7 10. d3 Nd4 11. Bxd7+ Nxd7 12. Ne4 e6 13. Qf2 Nf6 14. Ne5
Be7 15. Be3 O-O 16. b4 Nd5 17. Bxd4 cxd4 18. Qxd4 Nxb4 19. Qxa7 f5 20. Nf2 Rxc2
21. Qxb7 Bc5 22. Qf3 Qd4 23. Rac1 Rxc1 24. Rxc1 Nxa2 25. Rf1 Nb4 26. g3 Nd5
27. Nc6 1/2-1/2

[Event "8th ECI tournament, girls group"]
[Site "Eeklo"]
[Date "1981.08.??"]
[Round "?"]
[White "Connoly, Suzanne"]
[Black "Rieder, Anita"]
[Result "1-0"]
[WhiteElo "1691"]
[BlackElo "1672"]
[EventDate "1981.08.??"]
[Source "Ed.: D. Van de Bourry, Doorbraak No. 14, KBSK 1981"]

1. e4 c5 2. Nf3 d6 3. d4 cxd4 4. Nxd4 Nf6 5. Nc3 g6 6. Be3 Bg7 7. f3 O-O 8. Bc4
Nc6 9. Qd2 Bd7 10. O-O-O Rc8 11. Bb3 Ne5 12. g4 Nc4 13. Bxc4 Rxc4 14. h4 h5
15. gxh5 Nxh5 16. Rdg1 Qa5 17. Kb1 b5 18. Rg5 a6 19. Rxh5 gxh5 20. Bh6 f6
21. Qg2 Rf7 22. Rg1 Bg4 23. Nf5 Bxf5 24. exf5 Rg4 25. fxg4 Bxh6 26. gxh5+ Rg7
27. Qd5+ Kh8 28. Qd4 1-0

[Event "8th ECI tournament, girls group"]
[Site "Eeklo"]
[Date "1981.08.??"]
[Round "8"]
[White "Nagel, Yvette"]
[Black "Vereecke, Griet"]
[Result "1-0"]
[WhiteElo "1600"]
[BlackElo "1600"]
[EventDate "1981.08.??"]
[Source "Ed.: D. Van de Bourry, Doorbraak No. 14, KBSK 1981"]

1. e4 e5 2. Nf3 Nc6 3. Bc4 Bc5 4. c3 Nf6 5. d4 exd4 6. cxd4 Bb4+ 7. Bd2 Bxd2+
8. Nbxd2 d5 9. exd5 Nxd5 10. O-O O-O 11. Bb5 Nce7 12. Nb3 Bf5 13. Nc5 c6 14. Bc4
Qc7 15. Nh4 Rad8 16. Re1 Rd6 17. Qb3 Rh6 18. Nf3 Nb6 19. Bd3 Bxd3 20. Qxd3 Nbd5
21. Re4 Nf4 22. Qd2 Ned5 23. Ne5 Ne6 24. Rae1 f5 25. Nxe6 Rxe6 26. R4e2 Qe7
27. Ng6 Rxe2 28. Nxe7+ Rxe7 29. Rxe7 Nxe7 30. Qb4 Re8 31. Qxb7 Nd5 32. Kf1 Re6
33. Qxa7 h6 34. Qd7 Rf6 35. a4 Nb6 36. Qd8+ 1-0

[Event "8th ECI tournament, girls group"]
[Site "Eeklo"]
[Date "1981.08.??"]
[Round "?"]
[White "Gere, Valerija"]
[Black "Rakshit, Anita"]
[Result "1-0"]
[WhiteElo "1835"]
[BlackElo "1600"]
[EventDate "1981.08"]
[Source "Ed.: D. Van de Bourry, Doorbraak No. 14, KBSK 1981"]

1. e4 c5 2. Nc3 Nc6 3. g3 g6 4. Bg2 Bg7 5. d3 e6 6. f4 Nge7 7. Nh3 f5 8. O-O
O-O 9. g4 Rb8 10. gxf5 exf5 11. e5 d6 12. exd6 Qxd6 13. Be3 b5 14. Qd2 a6
15. Rae1 Bb7 16. Ng5 c4 17. dxc4 Qxd2 18. Bxd2 bxc4 19. Ne6 Rfe8 20. Nxg7 Kxg7
21. Nd5 Kf7 22. Bc3 Na7 23. Nc7 Bxg2 24. Kxg2 Rec8 25. Nxa6 Rb6 26. Nb4 Nb5
27. Rxe7+ Kxe7 28. Nd5+ 1-0

[Event "8th ECI tournament, girls group"]
[Site "Eeklo"]
[Date "1981.08.??"]
[Round "?"]
[White "Dubbeldam, Masjenka"]
[Black "Scott, Helen"]
[Result "0-1"]
[WhiteElo "1600"]
[BlackElo "1660"]
[EventDate "1981.08.??"]
[Source "Ed.: D. Van de Bourry, Doorbraak No. 14, KBSK 1981"]

1. e4 e6 2. d4 d5 3. Nc3 Bb4 4. e5 c5 5. a3 Bxc3+ 6. bxc3 Qa5 7. Bd2 Ne7 8. Nf3
c4 9. Be2 Bd7 10. O-O Nbc6 11. a4 f6 12. Qb1 Qc7 13. Re1 Ng6 14. exf6 gxf6
15. Bc1 O-O-O 16. Ba3 e5 17. Qb2 Rhg8 18. Kh1 h5 19. Rad1 Nf4 20. Nh4 Rg5
21. Bf1 e4 22. Re3 Rdg8 23. Rg3 Ng6 24. Rxg5 fxg5 25. Nxg6 Rxg6 26. Qc1 Qa5
27. Qb2 Qc7 28. Qc1 Nd8 29. Be2 g4 30. Qe3 Bxa4 31. Rc1 Ne6 32. Kg1 h4 33. Kf1
Qxh2 0-1